000 00471ntaaa2200193 4500
003 01
005 20251027201919.0
008 0714s1973 ag 01
040 _aAR-BaBN
_bspa
_cAR-BaBN
_eaacr
_dRIC
082 _a244.1100 J71y
100 _aJones, Chris
_917652
245 _aAhora ¿qué hago Señor?
250 _a1 ed.
260 _aMiami :
_bCaribe,
_c1978
300 _a107 p.
650 _aNiños-Vida Espiritual
_97243
650 _aNiños Cuentos
942 _cBK
999 _c13838
_d13838